[Event "I Open Lido Adriano"]
[Site "Ravenna ITA"]
[Date "2011.04.04"]
[Round "3"]
[White "Mkrtchyan, Albert"]
[Black "Bruschi, Morvan"]
[Result "1-0"]
[WhiteElo "1821"]
[BlackElo "1630"]
[PlyCount "67"]
[EventDate "2011.04.02"]

1. c4 d6 2. Nc3 b6 3. d4 e6 4. e4 Bb7 5. Nf3 g6 6. Bg5 Ne7 7. Bf6 Rg8 8. d5 e5
9. Ng5 h6 10. Nh7 Bg7 11. c5 a6 12. Qa4+ c6 13. Qb3 Nd7 14. cxd6 Nxf6 15. dxe7
Kxe7 16. Nxf6 Bxf6 17. Rd1 c5 18. Na4 Bc8 19. Nxb6 Rb8 20. Nxc8+ Qxc8 21. d6+
Kf8 22. d7 Qc7 23. Qd5 Kg7 24. Bc4 Rgf8 25. b3 Rb6 26. O-O Be7 27. f4 exf4 28.
e5 g5 29. g3 Re6 30. gxf4 gxf4 31. Rxf4 Rxe5 32. Rxf7+ Kh8 33. Rxf8+ Bxf8 34.
Qg8# 1-0

[Event "I Open Lido Adriano"]
[Site "Ravenna ITA"]
[Date "2011.04.04"]
[Round "3"]
[White "Nabaty, Tamir"]
[Black "Shytaj, Luca"]
[Result "0-1"]
[WhiteElo "2581"]
[BlackElo "2475"]
[PlyCount "88"]
[EventDate "2011.04.02"]

1. e4 c5 2. Nf3 d6 3. c3 Nf6 4. Qc2 Bg4 5. d4 Nbd7 6. Nfd2 cxd4 7. cxd4 Rc8 8.
Nc3 e5 9. d5 Nc5 10. b4 Na6 11. Nc4 Bd7 12. Qb3 Be7 13. f3 O-O 14. Be3 Nh5 15.
Na5 Bh4+ 16. g3 Qf6 17. Be2 Nf4 18. Bf2 Nd3+ 19. Kf1 Bh3+ 20. Kg1 Nf4 21. Bf1
Bxf1 22. Kxf1 Nd3 23. Kg2 Qg6 24. Rhf1 f5 25. exf5 Rxf5 26. Ne4 Naxb4 27. Rad1
Rxf3 28. Kxf3 Rf8+ 29. Kg2 Qxe4+ 30. Kg1 Bg5 31. Nc4 Rxf2 32. Rxf2 Qd4 33. Rdf1
Nxf2 34. Qf3 Ne4+ 35. Kg2 Nf6 36. h4 Bh6 37. Nxd6 Qxd5 38. Nf5 Qxf3+ 39. Rxf3
Bd2 40. g4 e4 41. Rb3 Nxg4 42. a3 Nd5 43. Nd6 e3 44. Rxb7 h5 0-1

[Event "I Open Lido Adriano"]
[Site "Ravenna ITA"]
[Date "2011.04.04"]
[Round "3"]
[White "Pinho, Paulo"]
[Black "Daly, Patrick"]
[Result "1-0"]
[WhiteElo "2162"]
[BlackElo "1839"]
[PlyCount "89"]
[EventDate "2011.04.02"]

1. d4 Nf6 2. c4 c5 3. d5 b5 4. cxb5 a6 5. f3 axb5 6. e4 d6 7. Bxb5+ Bd7 8. Bc4
Qb6 9. Qe2 g6 10. f4 Bg4 11. Nf3 Bxf3 12. Qxf3 Qb4+ 13. Nd2 Bg7 14. O-O O-O 15.
Qe2 Nfd7 16. a3 Qb7 17. Kh1 Nb6 18. Bb5 e6 19. dxe6 fxe6 20. Nc4 Nxc4 21. Bxc4
Qd7 22. Qg4 Kh8 23. Bxe6 Qb5 24. Qd1 Ra4 25. Bd5 Rd4 26. Qf3 Nd7 27. Be3 Rd3
28. Qe2 c4 29. Rab1 Nf6 30. b3 Nxd5 31. exd5 Re8 32. bxc4 Qxc4 33. Rfd1 Rexe3
34. Rb8+ Bf8 35. Qb2+ Qd4 36. Qxd4+ Rxd4 37. Rc1 Kg7 38. g3 Be7 39. Kg2 Rxa3
40. Re1 Bf6 41. Rb7+ Kh6 42. Re6 Rd2+ 43. Kh3 Bg5 44. Kg4 Bxf4 45. Ree7 1-0

[Event "I Open Lido Adriano"]
[Site "Ravenna ITA"]
[Date "2011.04.04"]
[Round "3"]
[White "Popa, Claudiu"]
[Black "Bondielli, Giorgio"]
[Result "1-0"]
[WhiteElo "2195"]
[BlackElo "1900"]
[PlyCount "87"]
[EventDate "2011.04.02"]

1. e4 e5 2. Nf3 Nf6 3. Nc3 Bb4 4. Nxe5 d6 5. Nd3 Bxc3 6. dxc3 Nxe4 7. Be2 Be6
8. O-O O-O 9. f3 Nf6 10. Bg5 Nbd7 11. Re1 Re8 12. Nf4 h6 13. Nxe6 Rxe6 14. Bh4
c6 15. Qd4 Qb6 16. Qxb6 axb6 17. c4 d5 18. Bf2 Rae8 19. Bf1 Rxe1 20. Rxe1 Rxe1
21. Bxe1 dxc4 22. Bxc4 b5 23. Be2 Kf8 24. c4 bxc4 25. Bxc4 Ne5 26. Be2 Nd5 27.
Bd2 Ke7 28. f4 Nd7 29. b4 Nf8 30. Bc4 Ke6 31. Kf2 f5 32. g3 Nd7 33. Bc3 g6 34.
Bg7 h5 35. Ke2 N7b6 36. Bb3 Nc8 37. Bf8 Ncb6 38. Kd3 Nd7 39. Bg7 N7b6 40. Kd4
Nd7 41. a4 Kd6 42. Bxd5 cxd5 43. Be5+ Ke6 44. a5 1-0

[Event "I Open Lido Adriano"]
[Site "Ravenna ITA"]
[Date "2011.04.04"]
[Round "3"]
[White "Proietti, Tosca"]
[Black "Daniele, Fabio"]
[Result "1-0"]
[WhiteElo "1799"]
[BlackElo "1443"]
[PlyCount "77"]
[EventDate "2011.04.02"]

1. e4 c5 2. Nc3 g6 3. g3 Bg7 4. Bg2 d6 5. d3 Nf6 6. f4 Nc6 7. Nf3 Bg4 8. Be3
Qa5 9. O-O O-O 10. Qc1 Rad8 11. h3 Bc8 12. Bd2 Qb6 13. Kh2 a6 14. f5 Nd4 15.
Nxd4 cxd4 16. Ne2 Qc7 17. Bh6 Bxh6 18. Qxh6 Qxc2 19. Nxd4 Qxb2 20. Nf3 Qb5 21.
Qd2 Kh8 22. Rab1 Qd7 23. g4 gxf5 24. exf5 Rg8 25. Qh6 Rxg4 26. Ng5 Qe8 27. Bd5
Rxg5 28. Qxg5 Nxd5 29. f6 Nxf6 30. Rxf6 Qd7 31. Rf3 Rg8 32. Qf4 Rg7 33. Rg1
Rxg1 34. Kxg1 f6 35. Qh6 Qe8 36. Rg3 Qf7 37. d4 Bf5 38. a3 Bg6 39. Rc3 1-0

[Event "I Open Lido Adriano"]
[Site "Ravenna ITA"]
[Date "2011.04.04"]
[Round "3"]
[White "Radovanovic, Jovica"]
[Black "Di Lascio, Savino"]
[Result "1/2-1/2"]
[WhiteElo "2299"]
[BlackElo "1974"]
[PlyCount "53"]
[EventDate "2011.04.02"]

1. g3 g6 2. Bg2 d5 3. Nf3 Bg7 4. d4 Nh6 5. c4 c6 6. Qb3 dxc4 7. Qxc4 Be6 8. Qc2
Qb6 9. O-O Nf5 10. e3 h5 11. h4 Nd6 12. Nc3 Na6 13. b3 Nb4 14. Qd2 Bf5 15. Bb2
Ne4 16. Nxe4 Bxe4 17. Ng5 Bxg2 18. Kxg2 a5 19. e4 O-O 20. Nf3 Rad8 21. Qe2 e6
22. Rfd1 Rd7 23. Bc3 Qd8 24. a3 Na6 25. Qe1 b6 26. Rac1 c5 27. Qe3 1/2-1/2

[Event "I Open Lido Adriano"]
[Site "Ravenna ITA"]
[Date "2011.04.04"]
[Round "3"]
[White "Rauta, Nicolas"]
[Black "Di Lazzaro, Gabriele"]
[Result "1-0"]
[WhiteElo "1975"]
[BlackElo "1921"]
[PlyCount "49"]
[EventDate "2011.04.02"]

1. c4 e5 2. Nc3 Bb4 3. g3 Bxc3 4. bxc3 d6 5. Bg2 Nf6 6. e4 Nc6 7. Ne2 O-O 8. d4
Rb8 9. O-O Na5 10. Qd3 b6 11. f4 Ba6 12. fxe5 dxe5 13. Bg5 Bxc4 14. Qc2 Qd6 15.
Bxf6 gxf6 16. Rf5 exd4 17. cxd4 Bxe2 18. Rd5 Qb4 19. Qxe2 Rfd8 20. Qg4+ Kf8 21.
Rf1 c5 22. Qf4 Ke8 23. Qxf6 Rxd5 24. Qxf7+ Kd8 25. Qxd5+ 1-0

[Event "I Open Lido Adriano"]
[Site "Ravenna ITA"]
[Date "2011.04.04"]
[Round "3"]
[White "Solaroli, Riccardo"]
[Black "Molina, Fabrizio"]
[Result "0-1"]
[WhiteElo "1937"]
[BlackElo "2220"]
[PlyCount "64"]
[EventDate "2011.04.02"]

1. e4 d6 2. f4 e5 3. Nc3 Nf6 4. Nf3 Nbd7 5. Bc4 Be7 6. O-O O-O 7. d3 c6 8. a4
Qa5 9. Ba2 exf4 10. d4 c5 11. e5 Ne8 12. Nd5 Bd8 13. Bxf4 dxe5 14. dxe5 Nb6 15.
Qd3 c4 16. Bxc4 Nxc4 17. b4 Qa6 18. b5 Qg6 19. Qxc4 Be6 20. Qb3 Qe4 21. Rad1
Bxd5 22. Qxd5 Bb6+ 23. Kh1 Qxf4 24. Qxb7 Nc7 25. Rd7 Qc4 26. Nd2 Qxc2 27. Qf3
Qg6 28. Ne4 Rad8 29. Rxd8 Rxd8 30. Nd6 Ne6 31. Nxf7 Rf8 32. Qd5 Rxf7 0-1

[Event "I Open Lido Adriano"]
[Site "Ravenna ITA"]
[Date "2011.04.04"]
[Round "3"]
[White "Svetushkin, Dmitry"]
[Black "Memarian, Milad"]
[Result "1-0"]
[WhiteElo "2543"]
[BlackElo "2028"]
[PlyCount "73"]
[EventDate "2011.04.02"]

1. e4 c5 2. Nf3 e6 3. d3 Nc6 4. c3 d5 5. Qe2 d4 6. e5 Nge7 7. h4 h5 8. Bf4 Nf5
9. g3 Nce7 10. Bg2 Nd5 11. Bc1 b5 12. a4 bxa4 13. Rxa4 Bd7 14. Ra1 Bc6 15. O-O
g6 16. Bg5 Be7 17. c4 Nb6 18. Nbd2 a5 19. Ne4 Nd7 20. Nfd2 Qc7 21. Bf4 O-O 22.
Nf6+ Nxf6 23. exf6 Bd6 24. Bxc6 Qxc6 25. Bg5 Rfb8 26. Ne4 Bf8 27. g4 hxg4 28.
Qxg4 Rxb2 29. h5 Rb7 30. Kg2 Nd6 31. Rae1 Nxe4 32. Rxe4 Re8 33. Rh1 Qd7 34. Qh4
e5 35. hxg6 fxg6 36. Qh8+ Kf7 37. Rh7+ 1-0

[Event "I Open Lido Adriano"]
[Site "Ravenna ITA"]
[Date "2011.04.04"]
[Round "3"]
[White "Traversi, Carlo"]
[Black "Weinberg, Emanuele"]
[Result "1-0"]
[WhiteElo "1657"]
[BlackElo "1769"]
[PlyCount "107"]
[EventDate "2011.04.02"]

1. e4 Nf6 2. e5 Nd5 3. c4 Nb6 4. d4 d6 5. exd6 cxd6 6. Nf3 g6 7. Nc3 Bg7 8. Be3
Nc6 9. c5 dxc5 10. dxc5 Qxd1+ 11. Rxd1 Nd7 12. Bb5 a6 13. Bxc6 bxc6 14. Na4 O-O
15. O-O Rb8 16. b3 Nf6 17. Nb6 Bg4 18. Rd2 Bxf3 19. gxf3 Rfd8 20. Rfd1 Nd5 21.
Nxd5 cxd5 22. Rxd5 Rxd5 23. Rxd5 Bc3 24. Rd7 Kf8 25. c6 Rc8 26. Bh6+ Ke8 27.
Ra7 Rxc6 28. Ra8+ Kd7 29. Bg5 Bb4 30. Rb8 a5 31. Rb5 Rc5 32. Rxc5 Bxc5 33. Kf1
Ke6 34. Ke2 Kf5 35. Bd2 Bb6 36. b4 axb4 37. Bxb4 e5 38. a4 e4 39. a5 Ba7 40.
Bd2 exf3+ 41. Kxf3 g5 42. Be3 g4+ 43. Ke2 Bb8 44. a6 Ke4 45. a7 Bxa7 46. Bxa7
f5 47. Bb8 h5 48. Bg3 Kd4 49. f3 Kd5 50. Ke3 Ke6 51. Kf4 Kf6 52. fxg4 fxg4 53.
Bh4+ Kg6 54. Ke5 1-0

[Event "I Open Lido Adriano"]
[Site "Ravenna ITA"]
[Date "2011.04.05"]
[Round "4"]
[White "Basso, Pier Luigi"]
[Black "Radovanovic, Jovica"]
[Result "0-1"]
[WhiteElo "1996"]
[BlackElo "2299"]
[PlyCount "60"]
[EventDate "2011.04.02"]

1. e4 c5 2. Nf3 Nc6 3. d4 cxd4 4. Nxd4 Qb6 5. Nb5 Nf6 6. N1c3 a6 7. Be3 Qa5 8.
Nd4 Nxe4 9. Nxc6 bxc6 10. Bd4 Nf6 11. Bd3 e6 12. O-O Be7 13. Ne4 Qd5 14. Nxf6+
Bxf6 15. Bxf6 gxf6 16. f4 Bb7 17. Rf3 c5 18. Qe2 Rg8 19. Rf2 Ke7 20. Bxh7 Rg7
21. Rd1 Qc6 22. Bd3 Rag8 23. Rd2 c4 24. Bxc4 Rxg2+ 25. Rxg2 Qc5+ 26. Kh1 Bxg2+
27. Qxg2 Rxg2 28. Rxg2 Qxc4 29. Rf2 Qd4 30. Kg1 Qxb2 0-1

[Event "I Open Lido Adriano"]
[Site "Ravenna ITA"]
[Date "2011.04.05"]
[Round "4"]
[White "Boros, Denes"]
[Black "Hocevar, Nikola"]
[Result "1/2-1/2"]
[WhiteElo "2513"]
[BlackElo "2048"]
[PlyCount "50"]
[EventDate "2011.04.02"]

1. e4 c5 2. Nf3 Nc6 3. Bb5 g6 4. O-O Bg7 5. c3 Nf6 6. e5 Nd5 7. d4 cxd4 8. cxd4
O-O 9. Nc3 Nxc3 10. bxc3 d6 11. exd6 Qxd6 12. a4 a6 13. Ba3 Qc7 14. Bxc6 Qxc6
15. Bxe7 Re8 16. d5 Qc4 17. d6 Bd7 18. Nd2 Qd3 19. Ra3 Rac8 20. Re1 Rxc3 21.
Rxc3 Qxc3 22. Re3 Qd4 23. Re4 Qc3 24. Re3 Qd4 25. Re4 Qc3 1/2-1/2

[Event "I Open Lido Adriano"]
[Site "Ravenna ITA"]
[Date "2011.04.05"]
[Round "4"]
[White "Daly, Patrick"]
[Black "Gabbriellini, Gianfranco"]
[Result "1-0"]
[WhiteElo "1839"]
[BlackElo "1698"]
[PlyCount "63"]
[EventDate "2011.04.02"]

1. d4 d5 2. Nc3 Bf5 3. Bg5 c6 4. f3 h6 5. Bh4 g5 6. Bg3 Qb6 7. Rb1 Bg7 8. e3 e6
9. Bd3 Ne7 10. Nge2 Nd7 11. O-O O-O 12. Bf2 h5 13. e4 Bg6 14. e5 Nf5 15. Qd2 f6
16. Bxf5 Bxf5 17. f4 g4 18. Ng3 Bg6 19. f5 exf5 20. e6 h4 21. Nge2 g3 22. hxg3
hxg3 23. Nxg3 Nb8 24. Qf4 c5 25. Nxd5 Qxe6 26. Nc7 Qxa2 27. Nxa8 Na6 28. Nc7
Nxc7 29. Qxc7 f4 30. Qxf4 Bxc2 31. Rbc1 Qxb2 32. Qd2 1-0

[Event "I Open Lido Adriano"]
[Site "Ravenna ITA"]
[Date "2011.04.05"]
[Round "4"]
[White "De Caro, Nicola"]
[Black "Solaroli, Riccardo"]
[Result "0-1"]
[WhiteElo "1815"]
[BlackElo "1937"]
[PlyCount "82"]
[EventDate "2011.04.02"]

1. d4 Nf6 2. c4 g6 3. Nc3 d5 4. cxd5 Nxd5 5. e4 Nxc3 6. bxc3 Bg7 7. Bc4 c5 8.
Be3 O-O 9. Ne2 Nc6 10. Rb1 Na5 11. Bd3 cxd4 12. cxd4 b6 13. O-O e6 14. Qd2 Bb7
15. Rfc1 Qe7 16. Qb4 Qxb4 17. Rxb4 Rac8 18. Rbb1 Nc6 19. Rc4 Ba6 20. Rc3 Bxd3
21. Rxd3 Rfd8 22. f3 Na5 23. d5 exd5 24. exd5 Rc2 25. Nf4 Rxa2 26. Rc1 Ra1 27.
d6 Rxc1+ 28. Bxc1 Nc4 29. Ba3 Be5 30. Ne2 Nxa3 31. Rxa3 Rd7 32. f4 Bxd6 33. Ra1
Bc5+ 34. Kf1 a5 35. Ng3 f5 36. h4 Rd2 37. Ne2 b5 38. Ke1 Bb4 39. Kf2 Kf7 40.
Ke3 Rd7 41. Ra2 Bc5+ 0-1

[Event "I Open Lido Adriano"]
[Site "Ravenna ITA"]
[Date "2011.04.05"]
[Round "4"]
[White "Di Lascio, Savino"]
[Black "Rauta, Nicolas"]
[Result "1-0"]
[WhiteElo "1974"]
[BlackElo "1975"]
[PlyCount "78"]
[EventDate "2011.04.02"]

1. Nf3 d5 2. g3 Nf6 3. Bg2 g6 4. b4 Bg7 5. Bb2 c6 6. O-O O-O 7. d3 Nbd7 8. Nbd2
Re8 9. a3 h6 10. c4 e5 11. cxd5 Nxd5 12. e4 N5b6 13. a4 Nf8 14. a5 Nbd7 15. Qc2
Nb8 16. Nc4 f6 17. d4 exd4 18. Bxd4 Na6 19. Ne3 Be6 20. Qc3 Nc7 21. Qc2 Nb5 22.
Bc5 Nd7 23. Rad1 Qc7 24. e5 Nxc5 25. exf6 Bxf6 26. bxc5 Qg7 27. Nh4 Bxh4 28.
gxh4 Nd4 29. Qa4 Rad8 30. Rb1 Nb5 31. Qb4 Rd4 32. Qb2 Rxh4 33. Qxg7+ Kxg7 34.
a6 bxa6 35. Bxc6 Rc8 36. Bb7 Rxc5 37. f4 Nc3 38. Rbe1 Bc4 39. Nxc4 Rxc4 1-0

[Event "I Open Lido Adriano"]
[Site "Ravenna ITA"]
[Date "2011.04.05"]
[Round "4"]
[White "Djingarova, Emilia"]
[Black "Pinho, Paulo"]
[Result "1-0"]
[WhiteElo "2349"]
[BlackElo "2162"]
[PlyCount "61"]
[EventDate "2011.04.02"]

1. Nf3 d6 2. d4 f5 3. g3 Nf6 4. Bg2 g6 5. b3 Bg7 6. Bb2 Ne4 7. Nbd2 O-O 8. c4
Nc6 9. O-O Nxd2 10. Qxd2 e5 11. dxe5 dxe5 12. Qd5+ Kh8 13. Qxd8 Rxd8 14. Ng5
Rd2 15. Bc3 Rxe2 16. Bxc6 bxc6 17. Rfd1 Bf6 18. Kf1 Rc2 19. Bxe5 Bxe5 20. Nf7+
Kg7 21. Nxe5 f4 22. g4 Kf6 23. Nd7+ Kg5 24. h3 Kh4 25. Ne5 Kxh3 26. Rd3+ Kh4
27. Kg2 c5 28. Nf3+ Kxg4 29. Rd5 Bf5 30. Rh1 g5 31. Ne5# 1-0

[Event "I Open Lido Adriano"]
[Site "Ravenna ITA"]
[Date "2011.04.05"]
[Round "4"]
[White "Friedrich, Gerhard"]
[Black "Baisotti, Pablo"]
[Result "1-0"]
[WhiteElo "2054"]
[BlackElo "1617"]
[PlyCount "77"]
[EventDate "2011.04.02"]

1. d4 Nf6 2. c4 e5 3. dxe5 Ng4 4. Nf3 Bc5 5. e3 Nc6 6. Bd2 Ngxe5 7. Nxe5 Nxe5
8. Bc3 Qe7 9. Be2 a5 10. Nd2 d6 11. O-O Bd7 12. Nf3 Bc6 13. Nd4 Qg5 14. Nxc6
Nxc6 15. Bf3 Nd8 16. Qc2 h5 17. Bxb7 Rb8 18. Qe4+ Kf8 19. Bc6 Nxc6 20. Qxc6 Bb6
21. Rad1 Rh6 22. Qf3 Qg4 23. Qxg4 hxg4 24. g3 g6 25. b3 Bc5 26. Bxa5 Ke7 27.
Kg2 c6 28. Bc3 Ra8 29. Ra1 Ke6 30. b4 Bb6 31. a4 c5 32. a5 Bd8 33. b5 d5 34.
cxd5+ Kxd5 35. b6 Kc4 36. Rfc1 Kb5 37. Rcb1+ Ka6 38. Be5 Rh5 39. b7 1-0

[Event "I Open Lido Adriano"]
[Site "Ravenna ITA"]
[Date "2011.04.05"]
[Round "4"]
[White "Ghinassi, Damiano"]
[Black "Gillespie, Gary"]
[Result "1-0"]
[WhiteElo "1572"]
[BlackElo "1876"]
[PlyCount "84"]
[EventDate "2011.04.02"]

1. f4 d5 2. Nf3 Nf6 3. e3 c5 4. b3 Nc6 5. Bb5 Bd7 6. Bb2 e6 7. O-O Be7 8. Bxc6
Bxc6 9. Ne5 O-O 10. d3 Qc7 11. Nd2 b6 12. Nxc6 Qxc6 13. Qf3 Rac8 14. a4 Qc7 15.
Be5 Qd8 16. e4 dxe4 17. Nxe4 Nd5 18. Rae1 Nb4 19. Re2 Nc6 20. Qg3 f6 21. Bb2
Nd4 22. Bxd4 cxd4 23. Rc1 Ba3 24. Ra1 Bb4 25. Rc1 Qd5 26. h4 Rc6 27. Kh2 Kf7
28. Qf2 Rfc8 29. g4 a5 30. g5 f5 31. g6+ hxg6 32. Ng5+ Kg8 33. Nf3 Bd6 34. Nxd4
Bc5 35. Nxc6 Rxc6 36. Qg2 Qd6 37. Rf1 Kf7 38. Qf3 Bd4 39. Rfe1 Qc7 40. Kh3 Rxc2
41. Rxe6 Rf2 42. Re7+ Qxe7 1-0

[Event "I Open Lido Adriano"]
[Site "Ravenna ITA"]
[Date "2011.04.05"]
[Round "4"]
[White "Grahn, Lars"]
[Black "Kraidman, Yair"]
[Result "1/2-1/2"]
[WhiteElo "2100"]
[BlackElo "2258"]
[PlyCount "103"]
[EventDate "2011.04.02"]

1. f4 c5 2. Nf3 Nc6 3. b3 d5 4. e3 Bg4 5. Bb5 Qc7 6. Bb2 a6 7. Bxc6+ Qxc6 8.
O-O e6 9. d3 f6 10. Nbd2 Ne7 11. Qe1 Bh5 12. e4 d4 13. a4 Qc7 14. g3 Nc6 15.
Nc4 Be7 16. h3 Bf7 17. e5 O-O 18. a5 Nb4 19. Qe2 Nd5 20. Nfd2 f5 21. Nf3 Be8
22. Bc1 Bc6 23. Ng5 Bxg5 24. fxg5 Ne7 25. Bd2 Rad8 26. h4 Bd5 27. Rfb1 Nc6 28.
Re1 Bxc4 29. bxc4 Rb8 30. Qh5 g6 31. Qe2 b5 32. axb6 Rxb6 33. Ba5 Nxa5 34. Rxa5
f4 35. Rf1 fxg3 36. Rxf8+ Kxf8 37. Qf3+ Kg8 38. Qa8+ Kg7 39. Rxa6 Rxa6 40. Qxa6
Qf7 41. Kg2 Qf2+ 42. Kh3 Qh2+ 43. Kg4 h5+ 44. gxh6+ Kxh6 45. Qc8 Qe2+ 46. Kxg3
Qxe5+ 47. Kg4 Qe2+ 48. Kg3 Qe1+ 49. Kg4 Qe2+ 50. Kg3 Qe5+ 51. Kg4 Qf5+ 52. Kg3
1/2-1/2

[Event "I Open Lido Adriano"]
[Site "Ravenna ITA"]
[Date "2011.04.05"]
[Round "4"]
[White "Korhonen, Erkki"]
[Black "Lynch, Peter J."]
[Result "1-0"]
[WhiteElo "1944"]
[BlackElo "1721"]
[PlyCount "67"]
[EventDate "2011.04.02"]

1. d4 Nf6 2. Nf3 g6 3. c4 Bg7 4. Nc3 O-O 5. e4 d6 6. Be2 e5 7. O-O Nbd7 8. h3
exd4 9. Nxd4 Nc5 10. Qc2 Re8 11. Bg5 h6 12. Bxf6 Bxf6 13. Rad1 c6 14. b4 Ne6
15. Nb3 Qe7 16. Rfe1 Nf4 17. Bf1 Be5 18. Re3 Qg5 19. Kh1 h5 20. g3 Ne6 21. f4
Nxf4 22. gxf4 Qxf4 23. Rde1 Kg7 24. Nc1 Bg4 25. Qg2 Bd4 26. Rd3 Qf6 27. N3e2
Bf2 28. Red1 Rad8 29. hxg4 hxg4 30. Qxg4 Rh8+ 31. Rh3 Rxh3+ 32. Bxh3 Rh8 33.
Rd3 Rh4 34. Qf3 1-0

[Event "I Open Lido Adriano"]
[Site "Ravenna ITA"]
[Date "2011.04.05"]
[Round "4"]
[White "Litrico, Paolo"]
[Black "Mkrtchyan, Albert"]
[Result "1-0"]
[WhiteElo "1963"]
[BlackElo "1821"]
[PlyCount "39"]
[EventDate "2011.04.02"]

1. d4 Nf6 2. Nf3 g6 3. Nc3 Bg7 4. e4 d6 5. Be3 O-O 6. Qd2 Nbd7 7. Bh6 c5 8. d5
Ne8 9. h4 Ndf6 10. Bxg7 Kxg7 11. e5 Ng4 12. h5 dxe5 13. hxg6 fxg6 14. Ng5 Rxf2
15. Rxh7+ Kg8 16. Be2 Ngf6 17. Rxe7 Bf5 18. d6 Nh5 19. Qd5+ Kh8 20. Rh7# 1-0

[Event "I Open Lido Adriano"]
[Site "Ravenna ITA"]
[Date "2011.04.05"]
[Round "4"]
[White "Memarian, Milad"]
[Black "De Groof, Maurice"]
[Result "1-0"]
[WhiteElo "2028"]
[BlackElo "1830"]
[PlyCount "47"]
[EventDate "2011.04.02"]

1. e4 c5 2. Nf3 a6 3. c3 d5 4. exd5 Qxd5 5. d4 Nf6 6. Be2 g6 7. O-O Bg7 8. c4
Qd6 9. d5 O-O 10. g3 Nbd7 11. Nc3 Ne5 12. Re1 Nxf3+ 13. Bxf3 Ra7 14. Bf4 Qd8
15. d6 e6 16. Qd2 Bd7 17. Rab1 Qc8 18. Qe3 b6 19. b4 Bc6 20. bxc5 Bxf3 21. cxb6
Rd7 22. Qxf3 Qxc4 23. b7 Rb8 24. Rec1 1-0

[Event "I Open Lido Adriano"]
[Site "Ravenna ITA"]
[Date "2011.04.05"]
[Round "4"]
[White "Moore, Robin"]
[Black "Van Melsen, Raymond"]
[Result "0-1"]
[WhiteElo "1837"]
[BlackElo "1830"]
[PlyCount "48"]
[EventDate "2011.04.02"]

1. e4 c5 2. d4 cxd4 3. c3 dxc3 4. Nxc3 e6 5. Bc4 Bb4 6. Bd2 Nc6 7. Nf3 a6 8. a3
Ba5 9. b4 Bc7 10. O-O Nf6 11. Qe2 b5 12. Bb3 Bb7 13. Rfd1 Bb8 14. Rac1 Ng4 15.
Bg5 Qb6 16. Nd5 exd5 17. exd5+ Nce5 18. Nd4 O-O 19. h3 Nh6 20. f4 Nc4 21. Bxc4
bxc4 22. Qxc4 Nf5 23. Qc5 Ba7 24. Nxf5 Qb5 0-1

[Event "I Open Lido Adriano"]
[Site "Ravenna ITA"]
[Date "2011.04.05"]
[Round "4"]
[White "Murray, Jim G."]
[Black "Egan, Colm"]
[Result "0-1"]
[WhiteElo "1856"]
[BlackElo "1996"]
[PlyCount "104"]
[EventDate "2011.04.02"]

1. e4 c5 2. Nf3 e6 3. d4 cxd4 4. Nxd4 Nf6 5. Nc3 Bb4 6. Bd3 Nc6 7. Nxc6 bxc6 8.
Bd2 d5 9. e5 Nd7 10. Qg4 Bf8 11. Qg3 a5 12. O-O g6 13. Kh1 Bg7 14. f4 O-O 15.
Na4 Ba6 16. Bxa6 Rxa6 17. Be3 Qe7 18. Qf2 Rc8 19. Nc5 Nxc5 20. Bxc5 Qb7 21. b3
a4 22. b4 Qb5 23. a3 Qc4 24. Rg1 Rb8 25. Qf1 Qxf1 26. Rgxf1 Bf8 27. Bxf8 Kxf8
28. Rf3 c5 29. c3 cxb4 30. cxb4 Rc6 31. h3 Rc2 32. Rd1 Rbc8 33. Rdd3 Ke7 34. g4
Rb2 35. Rc3 Rxc3 36. Rxc3 Kd7 37. Rc5 Rb3 38. Ra5 Rxh3+ 39. Kg2 Rxa3 40. Ra7+
Kc6 41. Rxf7 d4 42. f5 gxf5 43. gxf5 exf5 44. e6 Re3 45. Rd7 Rxe6 46. Rxd4 Re4
47. b5+ Kxb5 48. Rd5+ Kb4 49. Rxf5 Kb3 50. Rb5+ Rb4 51. Rh5 a3 52. Kf3 a2 0-1

[Event "I Open Lido Adriano"]
[Site "Ravenna ITA"]
[Date "2011.04.05"]
[Round "4"]
[White "O'Leary, Matt"]
[Black "Di Lazzaro, Gabriele"]
[Result "1/2-1/2"]
[WhiteElo "1995"]
[BlackElo "1921"]
[PlyCount "95"]
[EventDate "2011.04.02"]

1. d4 Nf6 2. Nf3 c5 3. e3 e6 4. Be2 Nc6 5. O-O Be7 6. b3 O-O 7. Bb2 b6 8. c4 d5
9. Nc3 Bb7 10. cxd5 exd5 11. Rc1 Rc8 12. dxc5 Bxc5 13. Nb5 Be7 14. Nfd4 Nxd4
15. Nxd4 Ne4 16. Bg4 Rxc1 17. Qxc1 g6 18. Qc2 a6 19. Rc1 Bd6 20. g3 Qe7 21. Qe2
h5 22. Bh3 Ng5 23. Bg2 Qd7 24. h4 Ne4 25. Kh2 Qe7 26. Bh3 Qxh4 27. Nf3 Qe7 28.
Kg2 d4 29. Bxd4 Ng5 30. e4 Bxe4 31. Qxa6 Bxf3+ 32. Kh2 Nxh3 33. Kxh3 Bc5 34.
Bxc5 bxc5 35. Rxc5 Qe1 36. Kh4 Qxf2 37. Qd6 Bg4 38. Kg5 Kg7 39. Rc6 Qb2 40. Qe7
Qd2+ 41. Kh4 Qh2+ 42. Kg5 Qxg3 43. Rxg6+ Kh7 44. Rh6+ Kg8 45. Rh8+ Kxh8 46.
Qxf8+ Kh7 47. Qxf7+ Kh8 48. Qf8+ 1/2-1/2

[Event "I Open Lido Adriano"]
[Site "Ravenna ITA"]
[Date "2011.04.05"]
[Round "4"]
[White "Proietti, Tosca"]
[Black "Antoniacci, Riccardo"]
[Result "0-1"]
[WhiteElo "1799"]
[BlackElo "1912"]
[PlyCount "102"]
[EventDate "2011.04.02"]

1. e4 e5 2. Nf3 Nc6 3. Bc4 Nf6 4. d3 Bc5 5. Bg5 d6 6. Nbd2 Qe7 7. c3 Be6 8. b4
Bb6 9. Bxe6 Qxe6 10. Nc4 O-O 11. Bxf6 Qxf6 12. a4 a6 13. Nxb6 cxb6 14. O-O Rfc8
15. Qb3 Rc7 16. Nd2 Nb8 17. Nc4 Nd7 18. Ne3 Qe6 19. Qb2 Rf8 20. f4 exf4 21. Nd5
Rcc8 22. Nxf4 Qe5 23. Nd5 g6 24. Rae1 f5 25. d4 Qe6 26. Nf4 Qc4 27. Nd5 Rce8
28. Ne3 Qd3 29. Qb3+ Kh8 30. Nc4 fxe4 31. Nxd6 Rxf1+ 32. Rxf1 Qe3+ 33. Kh1 Rf8
34. Rxf8+ Nxf8 35. Qd1 Ne6 36. Nf7+ Kg7 37. Ne5 Nf4 38. Qf1 Qe2 39. Qxe2 Nxe2
40. Nc4 Nxc3 41. a5 bxa5 42. bxa5 Nb5 43. d5 Kf6 44. Kg1 Ke7 45. Kf2 Nd6 46.
Nd2 Kf6 47. Ke3 Ke5 48. g4 g5 49. h3 Kxd5 50. Nb3 Nc4+ 51. Ke2 h6 0-1

[Event "I Open Lido Adriano"]
[Site "Ravenna ITA"]
[Date "2011.04.05"]
[Round "4"]
[White "Rivola, Franco"]
[Black "Frederiksen, Jens"]
[Result "0-1"]
[WhiteElo "2035"]
[BlackElo "1845"]
[PlyCount "68"]
[EventDate "2011.04.02"]

1. g3 g6 2. Bg2 Bg7 3. f4 f5 4. Nf3 Nf6 5. d3 d5 6. O-O O-O 7. c3 b6 8. Na3 Bb7
9. Ng5 Qd7 10. e4 h6 11. e5 hxg5 12. exf6 Rxf6 13. fxg5 Rf7 14. d4 Nc6 15. Bf4
e5 16. dxe5 Nxe5 17. Re1 Re8 18. c4 c6 19. cxd5 cxd5 20. Qb3 Rfe7 21. Kh1 Ng4
22. Nc2 Kh7 23. h3 Rxe1+ 24. Rxe1 Rxe1+ 25. Nxe1 Nf2+ 26. Kh2 d4 27. Nd3 Nxd3
28. Qxd3 Bxg2 29. Kxg2 Qd5+ 30. Kf2 Qxa2 31. Qa3 Qb1 32. Ke2 Qc2+ 33. Bd2 Qe4+
34. Kd1 d3 0-1

[Event "I Open Lido Adriano"]
[Site "Ravenna ITA"]
[Date "2011.04.05"]
[Round "4"]
[White "Russo, Carmelo"]
[Black "Bruschi, Morvan"]
[Result "1/2-1/2"]
[WhiteElo "1707"]
[BlackElo "1630"]
[PlyCount "117"]
[EventDate "2011.04.02"]

1. d4 g6 2. e4 Bg7 3. Nf3 d6 4. Bg5 h6 5. Bh4 b6 6. Bb5+ Bd7 7. Bxd7+ Nxd7 8.
O-O g5 9. Bg3 e6 10. c3 g4 11. Bh4 Bf6 12. Bxf6 Qxf6 13. e5 dxe5 14. dxe5 Nxe5
15. Nxe5 Qxe5 16. Qa4+ b5 17. Qxg4 Nf6 18. Qd4 Qg5 19. f4 Qf5 20. Nd2 Rd8 21.
Qf2 Rg8 22. Qe2 Ng4 23. Nf3 Qc5+ 24. Nd4 Rxd4 25. cxd4 Qxd4+ 26. Kh1 Ne3 27.
Qxb5+ Kf8 28. Qb8+ Kg7 29. Qxc7 Qd2 30. Qc3+ Qxc3 31. bxc3 Nxf1 32. Rxf1 Rc8
33. Rc1 Kf6 34. Kg1 Kf5 35. g3 Ke4 36. a4 Rc4 37. a5 Ra4 38. c4 Ra2 39. c5 Rb2
40. c6 Rb8 41. Rd1 Rc8 42. Rd6 Kf3 43. Kf1 Ke3 44. Ke1 Rb8 45. Kf1 Kf3 46. Rd3+
Ke4 47. Rd1 Rb2 48. Rc1 Rb8 49. c7 Rc8 50. Ke2 Kd5 51. Ke3 Kd6 52. Ke4 f6 53.
f5 e5 54. g4 Rxc7 55. Rxc7 Kxc7 56. h4 Kd6 57. a6 Kd7 58. Kd5 Ke7 59. Ke4
1/2-1/2